| 000 | 00358nam a2200157Ia 4500 | ||
|---|---|---|---|
| 100 | _aBravaco/Ralph/ Simonson/Shai | ||
| 650 | _aJava | ||
| 942 | _cBK | ||
| 366 | _f23 | ||
| 245 | _aJava programming :From the ground up | ||
| 260 |
_bTata Mc Graw hill Ltd. _c2010 |
||
| 082 |
_a5.13 _bBRA |
||
| 300 | _a1085 | ||
| 546 |
_aENGLISH _cComputers |
||
| 999 |
_c27447 _d27447 |
||